000 00452nam a2200181Ia 4500
008 240925s9999 xx 000 0 und d
020 _a9788132110187
082 _a658.4092 ROW
100 _aRowe, Glenn W.
245 0 _aCases in Leadership
250 _a3rd
260 _aNew Delhi:
_bSage Publications
_c,2013.
300 _aix, 179p.
_bNA
_fOriginal
500 _aIncludes Index
600 _aManagement
650 _aManagement
942 _cBK
999 _c16296
_d16296